| 000 | 00423pab a2200169 454500 | ||
|---|---|---|---|
| 008 | 180718b2003 xxu||||| |||| 00| 0 eng d | ||
| 100 | _aAnand, Vinod | ||
| 245 | _aReforms and disinvestment: some reflections | ||
| 260 | _c2003 | ||
| 300 | _ap.28-32. | ||
| 362 | _a3 May | ||
| 650 | _aPublic sector - India | ||
| 650 | _aEconomic reform - India | ||
| 650 | _aEconomic reform | ||
| 773 | _aMainstream | ||
| 909 | _a56196 | ||
| 999 |
_c56196 _d56196 |
||